| 000 | 00516nam a2200145 i 4500 | ||
|---|---|---|---|
| 001 | 150587 | ||
| 003 | ES-MaACL | ||
| 005 | 20230906203603.0 | ||
| 007 | t| | ||
| 008 | 071031s1916 sp ||||1| spa d | ||
| 100 | 1 |
_aValdivieso y Prieto, Dio Amando. _9133499 |
|
| 245 | 1 | 0 |
_aBreve reseña de la gestión edilicia del concejal federalista por el distrito de Chamberí, verificada en el cuatrienio de 1910-1913 / _cDío Amando Valdivieso y Prieto. |
| 260 |
_aMadrid : _b[s.n.], _c1916. |
||
| 852 |
_aES-MaACL _j1491-F-1 |
||
| 999 |
_c150587 _d150587 |
||